000 01427nam a2200229 4500
005 20250417135919.0
008 250417b |||||||| |||| 00| 0 eng d
020 _a9781780524863
037 _cTextual
040 _aRTL
_cRTL
084 _aU287.297 Q2
_qRTL
245 _aclimate change modeling for local adaptation in the hindu kush-himalayan region
260 _aIndia
_bEmerald group publishing limited
_c2012
300 _axvii, 237 p. ill.
_bIncludes bibliographical reference and index
520 _aThis book presents a portrait of the social advantages and limitations of climate change related modeling in the Hindu Kush-Himalayan (HKH) region. Physical systems modeling - such as of climate, weather, water, and soil - can be useful planning tools, and are essential to the forecasts and projections used operationally for decisions on climate and development. However, these models and their limitations are rarely discussed in terms of how they are interpreted, misinterpreted, used, not used, needed and not needed by society at the local level for climate change adaptation.
650 _aManagement of land & natural resources
_9752395
650 _aClimatic changes Hindu Kush-Himalayan Region
_9752396
650 _aClimatic changes Government policy
_9752397
700 _aLamadrid, Armando
_eEditor
_9752398
700 _aKelman, Ilan
_eEditor
_9290690
942 _2CC
_n0
_cTB
_hU287.297 Q2
999 _c1309112
_d1309112